01170cam a22003255a 450000100100000000500170001000800410002702000300006802000270009802000180012502000150014304000460015808200210020410000260022524500720025125000300032326000440035330000520039750000290044950000230047850400510050165000440055265000340059665100100063065300250064070000280066594200080069399900170070195201260071801643987520201128023806.0150924t2007 nyua frbd 001 0 eng d a9780071106832 (paperback) a0071106839 (paperback) a9780071108560 a0071108564 aStDuBDSbengcStDuBDSdEG-ScBUEdEG-ScBUE04a658.022bKAT2221 aKatz, Jerome A.9157910aEntrepreneurial small business /cJerome A. Katz, Richard P. Green. aInternational student ed. aNew York :bMcGraw-Hill Irwin,cc.2007. a1 v. (various pagings) :bill. (col.) ;c28 cm. aPrevious edition : 2011. aIncludes glossary. aIncludes bibliographical references and index. 7aSmall businessxManagement.2BUEsh9238 7aEntrepreneurship.2BUEsh9240 2BUEsh bBUSADMcFebruary20161 aGreen, Richard P.91580 2ddc c22177d22149 00102ddc4070aMAINbMAINc1STd2016-08-15ePurchasel1m6o658.022 KATp000001847r2025-07-15 00:00:00s2017-09-17yBB